उसी की यह शराबः (Record no. 13948)

MARC details
000 -LEADER
fixed length control field 00748nam a22001937a 4500
005 - DATE AND TIME OF LATEST TRANSACTION
control field 20150923160842.0
008 - FIXED-LENGTH DATA ELEMENTS--GENERAL INFORMATION
fixed length control field 080624t xxu||||| |||| 00| 0 hin d
010 ## - LCCN (DPL NO)
LC control number HIN-46184
020 ## - INTERNATIONAL STANDARD BOOK NUMBER
Terms of availability 40.00
035 ## - SYSTEM CONTROL NUMBER
System control number HN-27395
037 ## - SOURCE OF ACQUISITION
Source of stock number/acquisition DBAD
040 ## - CATALOGING SOURCE
Original cataloging agency dpl
Language of cataloging HN
082 ## - DEWEY DECIMAL CLASSIFICATION NUMBER
Classification number 181.499 / प्रेमनि
100 ## - MAIN ENTRY--PERSONAL NAME
Personal name प्रेम निशिथ
245 ## - TITLE STATEMENT
Title उसी की यह शराबः
Statement of responsibility, etc प्रेम निशिथ
Remainder of title ओशो को समर्पित काव्य पुष्पांजलि /
260 ## - PUBLICATION, DISTRIBUTION, ETC. (IMPRINT)
Place of publication, distribution, etc नई दिल्ली
Name of publisher, distributor, etc डायमंड कामिक्स
Date of publication, distribution, etc 1999
300 ## - PHYSICAL DESCRIPTION
Extent 112पृ.
Dimensions 23सेमी.
942 ## - ADDED ENTRY ELEMENTS (KOHA)
Item type Hindi Books
Source of classification or shelving scheme Dewey Decimal Classification
Classification part 181.499
Call number suffix प्रेमनि
Holdings
Withdrawn status Lost status Source of classification or shelving scheme Damaged status Not for loan Collection code Home library Current library Date acquired Cost, normal purchase price Total Checkouts Full call number Barcode Date last seen Copy number Cost, replacement price Koha item type
    Dewey Decimal Classification   Not For Loan Fiction D.B.Act.Division D.B.Act.Division 24/06/2008 40.00   181.499 / प्रेमनि HN-27395 15/09/2008 1 40.00 Hindi Books

© Delhi Public Library
Hit Counter
free hit counter